Engaged & disengaged.

Saved in:
Bibliographic Details
Main Author: Bush, Douglas, 1896-
Format: Book
Language:English
Published: Camb. Mass. : Harvard U.P., 1966.
Subjects:
LEADER 00675nam a22001931 4500
001 c000359810
003 CARM
005 00000000000000.0
008 851113s1966 mau 0 eng d
019 1 |a 4134907  |5 LACONCORD2021 
035 |a (OCoLC)348929  |5 LACONCORD2021 
100 1 |a Bush, Douglas,  |d 1896- 
245 1 0 |a Engaged & disengaged. 
260 |a Camb. Mass. :  |b Harvard U.P.,  |c 1966. 
650 0 |a English literature. 
852 8 |b CARM  |h A1:AM28B0  |i B09649  |p 0437868  |f BK 
082 0 4 |a 820.9 
999 f f |i 12fd5eec-260e-51b5-a9c6-70943446d2c0  |s 86cd8ef8-3fcd-5961-a04d-5c7ee66e5487 
952 f f |p Can circulate  |a CAVAL  |b CAVAL  |c CAVAL  |d CARM 1 Store  |e B09649  |f A1:AM28B0  |h Other scheme  |i book  |m 0437868